Giáo trình kinh tế môi trường
Cuốn sách trình bày các vấn đề ô nhiễm môi trường dưới góc độ kinh tế, các hướng tiếp cận, sử dụng công cụ kinh tế nhằm giảm thiểu phát thải ô nhiễm. Hướng sử dụng tài nguyên tối ưu theo quan điểm kinh tế môi trường,......
Đã lưu trong:
| Tác giả chính: | |
|---|---|
| Định dạng: | Sách |
| Ngôn ngữ: | Undetermined |
| Được phát hành: |
Hà Nội
Giáo dục
2009
|
| Những chủ đề: | |
| Các nhãn: |
Thêm thẻ
Không có thẻ, Là người đầu tiên thẻ bản ghi này!
|
| Thư viện lưu trữ: | Trung tâm Học liệu Trường Đại học Cần Thơ |
|---|
| LEADER | 00945nam a2200205Ia 4500 | ||
|---|---|---|---|
| 001 | CTU_151071 | ||
| 008 | 210402s9999 xx 000 0 und d | ||
| 020 | |c 28000 | ||
| 082 | |a 333.7 | ||
| 082 | |b C460 | ||
| 100 | |a Hoàng, Xuân Cơ | ||
| 245 | 0 | |a Giáo trình kinh tế môi trường | |
| 245 | 0 | |c Hoàng Xuân Cơ | |
| 260 | |a Hà Nội | ||
| 260 | |b Giáo dục | ||
| 260 | |c 2009 | ||
| 520 | |a Cuốn sách trình bày các vấn đề ô nhiễm môi trường dưới góc độ kinh tế, các hướng tiếp cận, sử dụng công cụ kinh tế nhằm giảm thiểu phát thải ô nhiễm. Hướng sử dụng tài nguyên tối ưu theo quan điểm kinh tế môi trường,... | ||
| 650 | |a Environmental economics,Kinh tế môi trường | ||
| 904 | |i Trọng Hiếu | ||
| 980 | |a Trung tâm Học liệu Trường Đại học Cần Thơ | ||